Sports Quiz

Random Sports or Tennis Quiz

Tennis Grand Slam Winners by Year (Men's) Quiz Stats

Quiz Updated Aug 29, 2017

Challenge
Share
Tweet
Embed
Score 0/50 Timer 10:00
0 Plays Today
Year Winners % Correct
2017Roger Federer (Aus. Open, Wimbledon), Rafael Nadal (French Open, US Open)
98.9%
2016Novak Djokovic (Aus. Open, French Open), Andy Murray (Wimbledon), Stan Wawrinka (US Open)
96.7%
2014Stan Wawrinka (Aus. Open), Rafael Nadal (French Open), Novak Djokovic (Wimbledon), Marin Cilic (US Open)
95.6%
2012Novak Djokovic (Aus. Open), Rafael Nadal (French Open), Roger Federer (Wimbledon), Andy Murray (US Open)
95.4%
2013Novak Djokovic (Aus. Open), Rafael Nadal (French Open, US Open), Andy Murray (Wimbledon)
95.3%
2009Rafael Nadal (Aus. Open), Roger Federer (French Open, Wimbledon), Juan Martin del Potro (US Open)
95.2%
2010Roger Federer (Aus. Open), Rafael Nadal (French Open, Wimbledon, US Open)
95.2%
2008Novak Djokovic (Aus. Open), Rafael Nadal (French Open, Wimbledon), Roger Federer (US Open)
95.2%
2011Novak Djokovic (Aus. Open, Wimbledon, US Open), Rafael Nadal (French Open)
95.1%
2007Roger Federer (Aus. Open, Wimbledon, US Open), Rafael Nadal (French Open)
95.1%
2015Novak Djokovic (Aus. Open, Wimbledon, US Open), Stan Wawrinka (French Open)
95.1%
2006Roger Federer (Aus. Open, Wimbledon, US Open), Rafael Nadal (French Open)
95.1%
2005Marat Safin (Aus. Open), Rafael Nadal (French Open), Roger Federer (Wimbledon, US Open)
95.1%
2004Roger Federer (Aus. Open, Wimbledon, US Open), Gaston Gaudio (French Open)
94.8%
2003Andre Agassi (Aus. Open), Juan Carlos Ferrero (French Open), Roger Federer (Wimbledon), Andy Roddick (US Open)
94.8%
1999Yevgeny Kafelnikov (Aus. Open), Andre Agassi (French Open, US Open), Pete Sampras (Wimbledon)
91.4%
2000Andre Agassi (Aus. Open), Gustavo Kuerten (French Open), Pete Sampras (Wimbledon), Marat Safin (US Open)
91.3%
1998Petr Korda (Aus. Open), Carlos Moya (French Open), Pete Sampras (Wimbledon), Pat Rafter (US Open)
91.1%
1997Pete Sampras (Aus. Open, Wimbledon), Gustavo Kuerten (French Open), Pat Rafter (US Open)
90.9%
1996Boris Becker (Aus. Open), Yevgeny Kafelnikov (French Open), Richard Krajicek (Wimbledon), Pete Sampras (US Open)
90.9%
1995Andre Agassi (Aus. Open), Thomas Muster (French Open), Pete Sampras (Wimbledon, US Open)
90.9%
1994Pete Sampras (Aus. Open, Wimbledon), Sergi Bruguera (French Open), Andre Agassi (US Open)
90.8%
2002Thomas Johansson (Aus. Open), Albert Costa (French Open), Lleyton Hewitt (Wimbledon), Pete Sampras (US Open)
90.8%
1993Jim Courier (Aus. Open), Sergi Bruguera (French Open), Pete Sampras (Wimbledon, US Open)
90.7%
2001Andre Agassi (Aus. Open), Gustavo Kuerten (French Open), Goran Ivanisevic (Wimbledon), Lleyton Hewitt (US Open)
90.7%
Year Winners % Correct
1992Jim Courier (Aus. Open, French Open), Andre Agassi (Wimbledon), Stefan Edberg (US Open)
89%
1991Boris Becker (Aus. Open), Jim Courier (French Open), Michael Stich (Wimbledon), Stefan Edberg (US Open)
87.8%
1990Ivan Lendl (Aus. Open), Andres Gomez (French Open), Stefan Edberg (Wimbledon), Pete Sampras (US Open)
87%
1989Ivan Lendl (Aus. Open), Michael Chang (French Open), Boris Becker (Wimbledon, US Open)
86.9%
1983Mats Wilander (Aus. Open), Yannick Noah (French Open), John McEnroe (Wimbledon), Jimmy Connors (US Open)
84%
1979Guillermo Vilas (Aus. Open), Bjorn Borg (French Open, Wimbledon), John McEnroe (US Open)
84%
1980Brian Teacher (Aus. Open), Bjorn Borg (French Open, Wimbledon), John McEnroe (US Open)
83.9%
1984Mats Wilander (Aus. Open), Ivan Lendl (French Open), John McEnroe (Wimbledon, US Open)
83.8%
1978Guillermo Vilas (Aus. Open), Bjorn Borg (French Open, Wimbledon), Jimmy Connors (US Open)
83.8%
1981Johan Kriek (Aus. Open), Bjorn Borg (French Open), John McEnroe (Wimbledon, US Open)
83.8%
1976Mark Edmondson (Aus. Open), Adriano Panatta (French Open), Bjorn Borg (Wimbledon), Jimmy Connors (US Open)
83.4%
1977**Roscoe Tanner (Aus. Open, Jan.), Vitas Gerulaitis (Aus. Open, Dec.), Guillermo Vilas (French Open, US Open), Bjorn Borg (Wimbledon)
83.4%
1985Stefan Edberg (Aus. Open), Mats Wilander (French Open), Boris Becker (Wimbledon), Ivan Lendl (US Open)
83.2%
1975John Newcombe (Aus. Open), Bjorn Borg (French Open), Arthur Ashe (Wimbledon), Manuel Orantes (US Open)
83.1%
1987Stefan Edberg (Aus. Open), Ivan Lendl (French Open, US Open), Pat Cash (Wimbledon)
82.8%
1982Johan Kriek (Aus. Open), Mats Wilander (French Open), Jimmy Connors (Wimbledon, US Open)
82.8%
1986*Ivan Lendl (French Open, US Open), Boris Becker (Wimbledon)
82.7%
1974Jimmy Connors (Aus. Open, Wimbledon, US Open), Bjorn Borg (French Open)
82.5%
1988Mats Wilander (Aus. Open, French Open, US Open), Stefan Edberg (Wimbledon)
79.6%
1973John Newcombe (Aus. Open, US Open), Ilie Nastase (French Open), Jan Kodes (Wimbledon)
71.2%
1970Arthur Ashe (Aus. Open), Jan Kodes (French Open), John Newcombe (Wimbledon), Ken Rosewall (US Open)
70.8%
1972Ken Rosewall (Aus. Open), Andres Gimeno (French Open), Stan Smith (Wimbledon), Ilie Nastase (US Open)
69.6%
1971Ken Rosewall (Aus. Open), Jan Kodes (French Open), John Newcombe (Wimbledon), Stan Smith (US Open)
69.5%
1968*Ken Rosewall (French Open), Rod Laver (Wimbledon), Arthur Ashe (US Open)
65.2%
1969Rod Laver (Aus. Open, French Open, Wimbledon, US Open)
62.9%

You're not logged in!

Compare scores with friends on all Sporcle quizzes.
Sign Up with Email
OR
Log In

You Might Also Like...

Show Comments

Extras

Top Quizzes Today


Score Distribution

Your Account Isn't Verified!

In order to create a playlist on Sporcle, you need to verify the email address you used during registration. Go to your Sporcle Settings to finish the process.